000
00214nam a22000857a 4500
008
170119b xxu||||| |||| 00| 0 eng d
100
_9
2507
_a
Pasricha.P.
245
_a
Social Science-4
260
_a
New Delhi
_b
Srijan
_c
2010
999
_c
5579
_d
5579